| 000 | 00935nam a2200241 i 4500 | ||
|---|---|---|---|
| 001 | 152569 | ||
| 003 | ES-MaACL | ||
| 005 | 20231111062532.0 | ||
| 008 | 931025s1829 sp |||| | spa d | ||
| 040 |
_aPAB _bspa _cCCPB |
||
| 080 | _a821.134.2.09"12/17" | ||
| 100 | 1 |
_aBouterwek, Friedrich. _9126130 |
|
| 245 | 1 | 0 |
_aHistoria de la literatura española / _cFriedrich Bouterwek ; traduccido del aleman al castellano y adicionado por José Gomez de la Cortina y Nicolás Hugalde y Mollinedo. |
| 260 |
_aMadrid : _b[s.n.], _c1829 ( _fImp. de Eusebio Aguado) |
||
| 300 |
_a1 v. (XVI, 276 p.) ; _c24 cm. |
||
| 500 | _aNo se publico más. | ||
| 650 | 4 |
_aLiteratura española- _xHistoria y crítica _914560 |
|
| 700 | 0 |
_aHugalde y Mollinedo, Nicolás. _964600 |
|
| 700 | 1 |
_aGómez de la Cortina, José, _cConde de la Cortina. _957895 |
|
| 852 |
_aES-MaACL _jG-12134 _z-- Enc. hol. |
||
| 999 |
_c152569 _d152569 |
||